Guess country flag cuted by half - Statistics

General Stats
  • This quiz has been taken 55 times
  • The average score is 14 of 16
Answer Stats
Picture Answer % Correct
Sweden
98%
Canada
96%
Portugal
96%
Argentina
94%
Egypt
94%
Spain
94%
Mexico
92%
Switzerland
90%
Bhutan
88%
Sri Lanka
88%
Jamaica
87%
Serbia
81%
Libya
75%
Andorra
69%
Mauritania
67%
Belize
60%
No matching quizzes found
Score Distribution
Percent of People with Each Score
Percentile by Number Answered
Your Score History
You have not taken this quiz